| 000 | 00651nam a2200133Ia 4500 | ||
|---|---|---|---|
| 008 | 171212s9999 xx 000 0 und d | ||
| 020 | _a9780833049162 | ||
| 100 | _aAnderson, James M.;Heaton, Paul;Carroll, Stephen J. | ||
| 245 |
_cAnderson, James M.;Heaton, Paul;Carroll, Stephen J. _aThe U.S. Experience with No-Fault Automobile Insurance _bA Retrospective |
||
| 260 |
_bRAND Corporation _c2010 |
||
| 650 | _aBusiness | ||
| 650 | _aNo-fault automobile insurance -- Law and legislation -- United States; No-fault automobile insurance -- United States; Liability for traffic accidents -- United States | ||
| 856 | _uwww.jstor.org/stable/10.7249/mg860icj | ||
| 999 |
_c352729 _d352729 |
||